000
00310nam a2200109Ia 4500
001
587452
005
20250717113816.0
008
250717s9999 xx 000 0 und d
245
0
_a
X-6 ÇOCUKLAR İÇİN SANAL ORTAM DESTEKLİ SANAT
_c
ANNA BRETT
260
_b
TÜRKİYE İŞ BANKASI YAYINLARI
_c
2020
300
_b
18
999
_c
587452
_d
587452